000
00350nam a22001217a 4500
040
_c
HS
082
_a
338
100
_a
នាយកដ្ឋានផែនការ ស្ថិតិ
245
_a
ស្ថិតិកសិកម្ម 2005 2006Agricultural statistics 2005-2006
260
_a
Cambodia
_b
PSO
_c
2006
300
_a
100p;
942
_c
KB
999
_c
9182
_d
9182